Statistics for Charlie Puth songs

Click here to take the quiz!

General Stats

  • This quiz has been taken 25 times
  • The average score is 17 of 48

Answer Stats

Answer% Correct
We Don't Talk Anymore
82%
Attention
73%
How Long
73%
Left and Right
68%
Light Switch
68%
One Call Away
68%
Dangerously
59%
Marvin Gaye
59%
LA Girls
50%
Loser
45%
That's Hilarious
45%
Cheating on You
41%
Done For Me
41%
Smells Like Me
41%
Tears on My Piano
41%
BOY
36%
Girlfriend
36%
The Way I Am
36%
Charlie Be Quiet!
32%
Empty Cups
32%
I Don't Think That I Like Her
32%
Lipstick
32%
My Gospel
32%
No More Drama
32%
Some Type of Love
32%
Suffer
32%
Marks on My Neck
27%
Mother
27%
That's Not How This Works
27%
There's a First Time for Everything
27%
When You're Sad I'm Sad
27%
As You Are
23%
If You Leave Me Now
23%
Patient
23%
Slow It Down
23%
Somebody Told Me
23%
Change
18%
I Warned Myself
18%
I Won't Tell a Soul
18%
Left Right Left
18%
Losing My Mind
18%
Then There's You
18%
Up All Night
18%
Free
14%
Hard on Yourself
14%
Through It All
14%
After All
9%
Obsessed
5%

Score Distribution

Percentile by Number Answered

Percent of People with Each Score

Your Score History

You have not taken this quiz